Bordering States - Statistics

General Stats
  • This quiz has been taken 26 times
    11 since last reset
  • The average score is 14 of 15
Answer Stats
Question Answer % Correct
Which state borders Florida? Alabama
100%
Which state borders Alabama? Georgia
100%
Which state borders South Carolina? Georgia
100%
Which state borders Wyoming? Idaho
100%
Which state borders Illinois? Indiana
100%
Which state borders West Virginia? Kentucky
100%
Which state borders Missouri? Nebraska
100%
Which state borders Oregon? Nevada
100%
Which state borders Minnesota? North Dakota
100%
Which state borders Utah? Idaho
88%
Which state borders South Dakota? Montana
88%
Which state borders New Mexico? Oklahoma
75%
Which state borders Delaware? Pennsylvania
75%
Which state borders Vermont? Massachusetts
63%
Which state borders Arkansas? Tennessee
63%
No matching quizzes found
Score Distribution
Percent of People with Each Score
Percentile by Number Answered
Your Score History
You have not taken this quiz since the last reset